Normal view
MARC view
- Cottin, Alfredo,
Entry Nombre Personal
001 - NUMERO DE CONTROL
- campo de control: 38841
003 - IDENTIFICADOR DE NUMERO DE CONTROL
- campo de control: UPN
005 - FECHA Y HORA DE LA ÜLTIMA TRANSACCIÓN
- campo de control: 20240417112341.0
008 - DATOS DE LONGITUD FIJA
- campo de control de longitud fija: 240417n||acnnnaabn | aaa |d
035 ## - NUMERO DE CONTROL
- Número de control: UPN11000010948
040 ## - FUENTE DE CATALOGACIÓN
- Lenguaje de catalogación: spa
- Agencia de transcripción: MX-MxUPN
- Agencia original de catalogación: MX-MxUPN
100 1# - ENCABEZAMIENTO - NOMBRE PERSONAL
- Nombre personal: Cottin, Alfredo,
- Fechas asociadas con el nombre: 1976-
670 ## - FUENTE EN LA QUE SE LOCALIZARON DATOS
- Cita de la fuente: T
- Uniform Resource Identifier: http://www.camionetica.com/2009/09/15/lo-que-va-de-vida-de-alfredo-cottin/
680 ## - NOTA PUBLICA DE ACCESO PÚBLICO
- Frase explicativa de la referencia: Fotógrafo, comunicólogo y filósofo venezolano
902 ## - CATALOGADOR
- Catalogador: CAA/010816
